000 00463nam a2200181Ia 4500
008 240925s9999 xx 000 0 und d
020 _a8184311486
082 _a621.382 CHI
100 _aChitode, J. S.
245 0 _aDigital Communications
250 _aNA
260 _aPune:
_bTechnical Publications
_c,2007.
300 _axiv,277p.
_bN.A
_fOriginal
500 _aIncludes Index
600 _aEngineering Technology
650 _aTechnology
942 _cBK
999 _c10472
_d10472